[Event "Kuprejanov Memorial"]
[Site "Toronto"]
[Date "2003.05.06"]
[Round "2"]
[White "Henry, Liam"]
[Black "Srinivasan, Gajana"]
[Result "1-0"]
[WhiteElo "1961"]
[BlackElo "1972"]
[PlyCount "121"]
[EventDate "2003.04.??"]
[EventType "tourn"]
[EventRounds "9"]
[EventCountry "CAN"]
[SourceTitle "EXT 2006"]
[Source "ChessBase"]
[SourceDate "2005.11.24"]
[SourceVersion "1"]
[SourceVersionDate "2005.11.24"]
[SourceQuality "1"]

1. e4 c5 2. Nf3 d6 3. d4 cxd4 4. Nxd4 Nf6 5. Nc3 a6 6. Bc4 e6 7. Bb3 Be7 8. 0-0 0-0 9. f4 e5 10. Nf5 Bxf5 11. exf5 Nc6 12. Be3 Rc8 13. g4 Nd4 14. g5 Nxf5 15. gxf6 Nxe3 16. fxe7 Qxe7 17. Nd5 Nxd5 18. Qxd5 exf4 19. Rxf4 Qe3+ 20. Rf2 Rc5 21. Qf3 Qe7 22. Raf1 Rg5+ 23. Kh1 d5 24. Bxd5 g6 25. Bxf7+ Kg7 26. Qf6+ Qxf6 27. Rxf6 Rc5 28. R6f2 b5 29. Bb3 Rd8 30. Rf7+ Kh8 31. R1f2 Rg5 32. h3 a5 33. a4 bxa4 34. Bxa4 Rd1+ 35. Rf1 Rd4 36. b3 Rg3 37. R7f3 Rg5 38. c4 Rd2 39. R1f2 Rd1+ 40. Kh2 Rgg1 41. Rg2 Rh1+ 42. Kg3 g5 43. Rc3 Rdf1 44. c5 g4 45. Kxg4 Rf8 46. c6 Rg8+ 47. Kf3 Rxh3+ 48. Ke4 Rh4+ 49. Kd5 Rxg2 50. c7 Rh5+ 51. Kc6 Rg8 52. Kb7 Rh4 53. c8Q Rxc8 54. Rxc8+ Kg7 55. Kb6 Kf6 56. Kxa5 Ke7 57. b4 Kd6 58. b5 Rh5 59. Ka6 Rh4 60. Bc2 Kd7 61. Rc3 1-0

[Event "Bernard Freedman Memorial"]
[Site "Toronto"]
[Date "2002.08.16"]
[Round "5"]
[White "Henry, Liam"]
[Black "Srinivasan, Gajana"]
[Result "1-0"]
[WhiteElo "1846"]
[BlackElo "1971"]
[PlyCount "65"]
[EventDate "2002.08.12"]
[EventType "tourn"]
[EventRounds "9"]
[EventCountry "CAN"]
[SourceTitle "EXT 2003"]
[Source "ChessBase"]
[SourceDate "2002.11.25"]
[SourceVersion "1"]
[SourceVersionDate "2002.11.25"]
[SourceQuality "1"]

1. e4 c5 2. Nf3 d6 3. d4 cxd4 4. Nxd4 Nc6 5. Nc3 Nf6 6. Bc4 g6 7. Nxc6 bxc6 8. e5 Ng4 9. exd6 exd6 10. 0-0 Bg7 11. Re1+ Kf8 12. Bf4 d5 13. Nxd5 Bf5 14. Bc7 Nxf2 15. Bxd8 Nxd1 16. Be7+ Kg8 17. Nf6+ Bxf6 18. Bxf6 Bxc2 19. Raxd1 Bxd1 20. Rxd1 h5 21. Bxh8 Kxh8 22. Bxf7 Kg7 23. Bb3 a5 24. Rd6 c5 25. Rc6 a4 26. Bc2 a3 27. Rxg6+ Kf7 28. b3 Rd8 29. Rc6 Rd5 30. b4 Rd4 31. bxc5 Rd2 32. Bb3+ Ke7 33. Ra6 1-0

[Event "Toronto Christmas op"]
[Site "Toronto"]
[Date "2000.12.29"]
[Round "4"]
[White "Love, Robert"]
[Black "Srinivasan, Gajana"]
[Result "1-0"]
[WhiteElo "1655"]
[BlackElo "1660"]
[PlyCount "49"]
[EventDate "2000.12.26"]
[EventType "swiss"]
[EventRounds "6"]
[EventCountry "CAN"]
[SourceTitle "EXT 2022"]
[Source "ChessBase"]
[SourceDate "2021.10.06"]
[SourceVersion "1"]
[SourceVersionDate "2021.10.06"]
[SourceQuality "1"]

1. d4 d5 2. c4 Nf6 3. g3 e6 4. Bg2 dxc4 5. Nf3 c5 6. 0-0 Nc6 7. Ne5 Nxe5 8. dxe5 Qxd1 9. Rxd1 Nd5 10. Nc3 Nxc3 11. bxc3 Be7 12. Rb1 Rb8 13. Bc6+ Kf8 14. Ba3 f6 15. Bxc5 Kf7 16. Bd6 Ra8 17. Bxb7 Bxb7 18. Rxb7 Rhe8 19. Bc5 Kf8 20. Rdd7 Bxc5 21. Rf7+ Kg8 22. Rxg7+ Kh8 23. Rxh7+ Kg8 24. Rbg7+ Kf8 25. exf6 1-0